00916nam a2200229 a 450000100100000000500170001000800410002702000150006804000250008308200130010810000450012124501600016626000730032630000210039949000170042050400300043750000340046750000330050183000240053495201110055899900170066900004194320201002035838.0131023s2002 sp 001 0 spa d a8400081137 aDO-SdBNPbspacBNPHU axxxbxxx1 aGonzález Calleja, Eduardod1962-9853513aLa Violencia en la Política. :bperspectivas teóricas sobre el empleo deliberado de la fuerza en los conflictos de poder /cEduardo González Calleja. aMadrid, :bConsejo Superior de Investigaciones Científicas,c2002. a630 p. ;c24 cm.1 aPoliteyav19 aBibliografía p: 543-595 aIncluye índice onomástico aIncluye índice analítico 0aPoliteyav19967596 001050718MOaGRbGRcCTd2013-10-23iLF1l0oxxx xxxp41943-10r2020-06-25w2020-06-25y1ZNo se presta c41432d41432